000 00449nam a2200181Ia 4500
001 16913
005 20260306170346.0
008 260306t2010||||xx |||||||||||||| ||und||
041 _aESP
082 _a657.3
_bG24
100 _aGarcia Quispe, José Luis
_eAUT
245 0 _aEstados financieros:
_banálisis con fines tributarios
260 _c2010
300 _a31 páginas :
_c
650 _aGEN
654 _aCCO
942 _cLIB
_dJUS
_fJUS
_2ddc
_n
999 _c16913
_d16913